Proměny vnímaní osobních vztahů v sociální síti Facebook
Súčasné poznatky o vplyve sociálnej siete Facebook na zmeny vnímania i prežívania osobnýchch vzťahov. Pozitívne a negatívne efekty, ktoré so sebou prináša Facebook za účelom rozvoja sociálneho kapitálu. Osobnostné premenné, ktoré môžu ďalej ovplyvňovať sociálne interakcie používateľov v prostredí Fa...
Uložené v:
| Hlavný autor: | |
|---|---|
| Médium: | Kapitola |
| Jazyk: | Czech |
| Predmet: | |
| Tagy: |
Žiadne tagy, Buďte prvý, kto otaguje tento záznam!
|
MARC
| LEADER | 00000nla a2200000 4500 | ||
|---|---|---|---|
| 001 | 0247044 | ||
| 005 | 20240417075143.8 | ||
| 041 | 0 | |a cze | |
| 044 | |a CZ | ||
| 245 | 1 | 0 | |a Proměny vnímaní osobních vztahů v sociální síti Facebook |c Lenka Mynářová |
| 520 | |a Súčasné poznatky o vplyve sociálnej siete Facebook na zmeny vnímania i prežívania osobnýchch vzťahov. Pozitívne a negatívne efekty, ktoré so sebou prináša Facebook za účelom rozvoja sociálneho kapitálu. Osobnostné premenné, ktoré môžu ďalej ovplyvňovať sociálne interakcie používateľov v prostredí Facebooku. | ||
| 610 | 2 | 0 | |a siete sociálne |
| 610 | 2 | 0 | |a komunikácia elektronická |
| 610 | 2 | 0 | |a komunikácia sociálna |
| 610 | 2 | 0 | |a médiá sociálne |
| 610 | 2 | 0 | |a vzťahy medziľudské |
| 610 | 2 | 0 | |a kapitál sociálny |
| 100 | 1 | |a Mynářová, Lenka | |